000
00303nam a22001337a 4500
008
171030b xxu||||| |||| 00| 0 eng d
020
_a
0256032793
041
_a
eng
080
_a
336
100
_a
57
101
_a
FIN
245
_a
RECENT ADVANCES IN CORPORATE FINANCE
_c
ALTMAN,E.I
942
_2
udc
_c
BK
999
_c
36437
_d
36437